<?xml version="1.0" encoding="UTF-8"?>
<record
    xmlns:xsi="http://www.w3.org/2001/XMLSchema-instance"
    xsi:schemaLocation="http://www.loc.gov/MARC21/slim http://www.loc.gov/standards/marcxml/schema/MARC21slim.xsd"
    xmlns="http://www.loc.gov/MARC21/slim">

  <leader>01008nam a22002537a 4500</leader>
  <controlfield tag="005">20170124102923.0</controlfield>
  <datafield tag="010" ind1=" " ind2=" ">
    <subfield code="a">B-117234</subfield>
  </datafield>
  <datafield tag="020" ind1=" " ind2=" ">
    <subfield code="c">125.00</subfield>
    <subfield code="a">8171198619</subfield>
  </datafield>
  <datafield tag="035" ind1=" " ind2=" ">
    <subfield code="a">B-117234</subfield>
  </datafield>
  <datafield tag="037" ind1=" " ind2=" ">
    <subfield code="b">Cen Lib/Ret</subfield>
  </datafield>
  <datafield tag="040" ind1=" " ind2=" ">
    <subfield code="a">DPL</subfield>
    <subfield code="b">HN</subfield>
  </datafield>
  <datafield tag="082" ind1=" " ind2=" ">
    <subfield code="a">&#x909;</subfield>
    <subfield code="b">&#x928;&#x948;&#x92E;&#x93F;&#x936;</subfield>
  </datafield>
  <datafield tag="100" ind1=" " ind2=" ">
    <subfield code="a">&#x928;&#x948;&#x92E;&#x93F;&#x936;&#x930;&#x93E;&#x90F;, &#x92E;&#x94B;&#x939;&#x928;&#x926;&#x93E;&#x938; </subfield>
    <subfield code="9">40</subfield>
  </datafield>
  <datafield tag="245" ind1=" " ind2=" ">
    <subfield code="a">&#x935;&#x940;&#x930;&#x93E;&#x902;&#x917;&#x928;&#x93E; &#x91D;&#x932;&#x915;&#x93E;&#x930;&#x940; &#x92C;&#x93E;&#x908; /</subfield>
    <subfield code="c">&#x92E;&#x94B;&#x939;&#x928;&#x926;&#x93E;&#x938; &#x928;&#x948;&#x92E;&#x93F;&#x936;&#x930;&#x93E;&#x90F; </subfield>
  </datafield>
  <datafield tag="246" ind1=" " ind2=" ">
    <subfield code="a">Veerangna jhalkari bai /</subfield>
    <subfield code="b">by Mohandas Naimishraye</subfield>
  </datafield>
  <datafield tag="260" ind1=" " ind2=" ">
    <subfield code="a"> &#x926;&#x93F;&#x932;&#x94D;&#x932;&#x940; </subfield>
    <subfield code="b">&#x930;&#x93E;&#x927;&#x93E;&#x915;&#x943;&#x937;&#x94D;&#x923; &#x92A;&#x94D;&#x930;&#x915;&#x93E;&#x936;&#x928; </subfield>
    <subfield code="c">2003</subfield>
  </datafield>
  <datafield tag="270" ind1=" " ind2=" ">
    <subfield code="a">&#x91C;&#x940;-&#x967;&#x96D;, &#x91C;&#x917;&#x924;&#x92A;&#x941;&#x930;&#x940; </subfield>
    <subfield code="b">&#x926;&#x93F;&#x932;&#x94D;&#x932;&#x940; </subfield>
    <subfield code="e">110092</subfield>
  </datafield>
  <datafield tag="300" ind1=" " ind2=" ">
    <subfield code="a">99&#x92A;&#x943;. </subfield>
    <subfield code="c">21&#x938;&#x947;&#x92E;&#x940;(&#x938;&#x91C;&#x93F;&#x932;&#x94D;&#x926;)</subfield>
  </datafield>
  <datafield tag="650" ind1=" " ind2=" ">
    <subfield code="a">&#x939;&#x93F;&#x902;&#x926;&#x940; &#x938;&#x93E;&#x939;&#x93F;&#x924;&#x94D;&#x92F;</subfield>
    <subfield code="9">42642</subfield>
  </datafield>
  <datafield tag="650" ind1=" " ind2=" ">
    <subfield code="a">&#x939;&#x93F;&#x902;&#x926;&#x940; &#x909;&#x92A;&#x928;&#x94D;&#x92F;&#x93E;&#x938; </subfield>
    <subfield code="9">42643</subfield>
  </datafield>
  <datafield tag="650" ind1=" " ind2=" ">
    <subfield code="a">Hindi literature</subfield>
    <subfield code="9">42644</subfield>
  </datafield>
  <datafield tag="650" ind1=" " ind2=" ">
    <subfield code="a">Hindi fiction</subfield>
    <subfield code="9">27248</subfield>
  </datafield>
  <datafield tag="942" ind1=" " ind2=" ">
    <subfield code="2">ddc</subfield>
    <subfield code="c">HN</subfield>
    <subfield code="h">&#x909;</subfield>
    <subfield code="m">&#x928;&#x948;&#x92E;&#x93F;&#x936;</subfield>
  </datafield>
  <datafield tag="999" ind1=" " ind2=" ">
    <subfield code="c">111407</subfield>
    <subfield code="d">111407</subfield>
  </datafield>
  <datafield tag="952" ind1=" " ind2=" ">
    <subfield code="0">0</subfield>
    <subfield code="1">0</subfield>
    <subfield code="4">0</subfield>
    <subfield code="7">0</subfield>
    <subfield code="a">L</subfield>
    <subfield code="b">L</subfield>
    <subfield code="d">2015-08-01</subfield>
    <subfield code="e">Cen Lib/Ret</subfield>
    <subfield code="g">125.00</subfield>
    <subfield code="l">5</subfield>
    <subfield code="m">3</subfield>
    <subfield code="o">&#x909; &#x928;&#x948;&#x92E;&#x93F;&#x936;</subfield>
    <subfield code="p">B-117234</subfield>
    <subfield code="r">2022-12-31 00:00:00</subfield>
    <subfield code="s">2022-12-14</subfield>
    <subfield code="t">1</subfield>
    <subfield code="v">125.00</subfield>
    <subfield code="w">2015-08-01</subfield>
    <subfield code="y">HN</subfield>
  </datafield>
  <datafield tag="952" ind1=" " ind2=" ">
    <subfield code="0">0</subfield>
    <subfield code="1">0</subfield>
    <subfield code="2">ddc</subfield>
    <subfield code="4">0</subfield>
    <subfield code="7">0</subfield>
    <subfield code="8">FIC</subfield>
    <subfield code="a">YV</subfield>
    <subfield code="b">YV</subfield>
    <subfield code="d">2019-10-23</subfield>
    <subfield code="e">BPPD/PUB</subfield>
    <subfield code="g">125.00</subfield>
    <subfield code="l">0</subfield>
    <subfield code="o">&#x909; &#x928;&#x948;&#x92E;&#x93F;&#x936;</subfield>
    <subfield code="p">B-117253</subfield>
    <subfield code="r">2019-10-23 00:00:00</subfield>
    <subfield code="v">125.00</subfield>
    <subfield code="w">2019-10-23</subfield>
    <subfield code="y">HN</subfield>
  </datafield>
</record>
